| 000 | 00976nam a22002537a 4500 | ||
|---|---|---|---|
| 005 | 20100813120642.0 | ||
| 010 | _aENG-100142 | ||
| 020 |
_a9780198060192 _c750.00 |
||
| 020 |
_a019806019X _c750.00 |
||
| 035 | _aEN-83674 | ||
| 037 | _bDBAD/PUB | ||
| 082 | _a954.75023 | ||
| 100 |
_a Samira, Sheikh _912627 |
||
| 245 |
_aForging a region : _cby Samira Sheikh _bsultans, traders, and pilgrims in gujarat, 1200-1500 / |
||
| 260 |
_aNew Delhi _bOxford University Prees _c2010 |
||
| 270 |
_aYMCA Library Building, Jai Singh Road, _bNew Delhi _e110001 |
||
| 300 |
_axii, 265p. _c22cm (Hb) |
||
| 500 | _aIncludes bibliographical references and index | ||
| 650 |
_aCivilization _912628 |
||
| 650 |
_aIndia, Gujrat _912629 |
||
| 650 |
_aPolitical Science _912630 |
||
| 942 |
_2ddc _cEN _h954.75023 _mSAM |
||
| 999 |
_c41561 _d41561 |
||